Coupe du Monde Hockey-sur-Gazon 2018 - Statistiques

Statistiques générales
  • Ce quiz a été pris 153 fois
  • Le résultat moyen est 13 sur 16
Statistiques - réponses
Réponse % Correct
France
92%
Inde
92%
Espagne
88%
Allemagne
87%
Australie
87%
Belgique
87%
Pays-Bas
87%
Chine
83%
Argentine
82%
Canada
78%
Angleterre
76%
Nouvelle-Zélande
74%
Pakistan
72%
Afrique du Sud
70%
Irlande
63%
Malaisie
33%
Aucun quiz correspondant
Distribution des résultats
% des personnes avec chaque résultat
Percentile par nombre de réponses
Votre historique - résultats
Vous n’avez pas pris ce quiz